000 00992nam a2200289Ia 4500
005 20220317001541.0
008 161108s2016 m g 000 f s
020 _a9786074156577
100 1 _aHemingway, Ernest
_d1899-1961
245 1 0 _aMuerte en la tarde ; París era una fiesta
_cErnest Hemingway ; traducción Roberto Mares
250 _a1a. edición
300 _a478 páginas
_c23 cm
490 _aNarrativa
534 _tDeath in the afternoom / A moveable fest
650 1 4 _2LEMB
_aNovela estadounidense
_ySiglo XIX
650 1 4 _2LEMB
_aLiteratura estadounidense
_ySiglo XIX
650 1 4 _2LEMB
_aCorridas de toros en la literatura
650 1 4 _2LEMB
_aMelancolía en la literatura
700 1 _aMares, Roberto
_etraductor
_975578
942 _2loc
_cBKLIT
264 _aMéxico
_bTomo
_c[2016]
336 _atexto
_btxt
_2rdacontent
337 _asin mediación
_bn
_2rdamedia
338 _avolumen
_bnc
_2rdacarrier
040 _aCO-BoRNBP
_bspa
_erda
_cCO-BoRNBP
084 _aN HEM1
999 _c7328
_d7328